00712nam a2200241 a 4500001001300000003000900013005001700022008004100039020001000080082001500090100001800105245004700123260003500170300000900205500003500214505001700249650003800266700001800304902000800322942000700330952011600337999001700453nice12345678IN_TiNIC20260116014141.0070409s2005 dela grp 000 0 eng  ac99500a305.8bKHA aKhan, M Abbas aSocial Development in Twenty First Century aDelhibAnmol Publishers c2005 a376p aincludes index and biblioraphy2 aBibliography aSociology-Development-Methodology1 aKhan, M Abbas bSRS cBK 001040708StackRoom-aHMIbHMId2010-07-07g995.00l0o305.8 KHAp021462r2010-07-07v995.00w2007-04-09yBK c14097d14097